Fill in Disney Song Lyrics III Quiz Stats

Quiz not verified by Sporcle

Challenge
Share
Tweet
Embed
Score 0/300 Timer 10:00
0 Plays Today
% Correct
a
97.6%
a
97.6%
a
97.6%
a
97.6%
a
97.6%
'A'
97.6%
a
97.6%
a
97.6%
a
97.6%
a
97.6%
a
97.6%
a
97.6%
I
96.9%
I
96.9%
you
95.4%
you
95.4%
you
95.4%
you
95.4%
you
95.4%
you
95.4%
you
95.4%
you
95.4%
you
95.4%
you
95.4%
You
95.4%
you
95.4%
you
95.4%
you
95.4%
You
95.4%
you
95.4%
you
95.4%
You
95.4%
the
93.9%
the
93.9%
the
93.9%
the
93.9%
the
93.9%
the
93.9%
'B'
85.9%
me
85.6%
me
85.6%
me
85.6%
me
85.6%
me
85.6%
me
85.6%
be?
80.1%
Can
80.1%
Can
80.1%
Can
80.1%
we
79.8%
is
78%
is
78%
is
78%
is
78%
and
77.7%
and
77.7%
and
77.7%
and
77.7%
and
77.7%
do
77.4%
do
77.4%
Do
77.4%
do
77.4%
Do
77.4%
do
77.4%
to
76.5%
to
76.5%
to
76.5%
in
76.1%
in
76.1%
in
76.1%
it
76.1%
it
76.1%
in
76.1%
what
71.6%
what
71.6%
what
71.6%
go,
70.3%
go,
70.3%
for
69.7%
your
68.5%
your
68.5%
your
68.5%
your
68.5%
your
68.5%
your
68.5%
your
68.5%
your
68.5%
your
68.5%
your
68.5%
your
68.5%
your
68.5%
your
68.5%
your
68.5%
on
67.9%
on
67.9%
no
66.4%
no
66.4%
no
66.4%
no
66.4%
% Correct
will
66.1%
like
65.7%
like
65.7%
like
65.7%
like
65.7%
like
65.7%
that
64.8%
that?
64.8%
friend
64.5%
friend
64.5%
friend
64.5%
friend,
64.5%
of
63.3%
of
63.3%
of
63.3%
So
62.1%
So
62.1%
so
62.1%
this?
61.8%
this
61.8%
had
61.2%
had
61.2%
had
61.2%
had
61.2%
had
61.2%
had
61.2%
never
57.5%
never
57.5%
never
57.5%
never
57.5%
never
57.5%
Have
56.9%
have
56.9%
how
53.8%
I'm
53.8%
want
53.8%
how
53.8%
I'm
53.8%
I'm
53.8%
I'm
53.8%
all
51.1%
all
51.1%
all
51.1%
all
51.1%
You're
50.8%
ain't
50.2%
ain't
50.2%
ain't
50.2%
or
50.2%
or
50.2%
ain't
50.2%
them
49.8%
out
49.8%
out
49.8%
wish
49.2%
wish?
49.2%
wish
49.2%
there
48.9%
got
48.6%
got
48.6%
got
48.6%
got
48.6%
got
48.6%
got
48.6%
got
48.6%
know
47.1%
Let
46.8%
let
46.8%
Well
45.3%
Well,
45.3%
well,
45.3%
friends
45%
friends
45%
friends
45%
friends
45%
friends
45%
up
44.6%
see
44.6%
It's
44.3%
some
43.7%
now
43.7%
some
43.7%
some
43.7%
some
43.7%
their
43.4%
I'll
42.8%
then
42.2%
life
41.9%
here
41.9%
here
41.9%
but
41.3%
Aladdin,
41.3%
Aladdin
41.3%
say
41%
sir
41%
sir
41%
say
41%
sir,
41%
Ali
40.7%
thieves
40.4%
% Correct
forty
40.1%
take
40.1%
down
40.1%
king,
40.1%
make
39.8%
Mister
39.4%
little
39.4%
little
39.4%
Mister
39.4%
Baba
38.2%
pleasure
37.6%
Yes
37.6%
hat?
37.6%
lamp
36.4%
pull
36.4%
two
35.8%
magic
34.9%
rub
34.9%
help
34.9%
help
34.9%
rub
34.9%
mood
34.6%
order
34.3%
three
34.3%
three
34.3%
more
33.9%
Try
33.9%
thousand
33.6%
tales
32.1%
True
31.8%
column
31.2%
column
31.2%
dude
31.2%
master
30.9%
gotta
30.3%
jot
30.3%
boss
30.3%
dish
30.3%
gotta
30.3%
power
30%
restaurant
30%
corner
29.4%
rip
29.4%
service
28.7%
'cause
28.4%
fails
28.4%
about
28.4%
luck
28.1%
Abracadabra,
28.1%
sleeves
27.2%
yours!
27.2%
whisper
26.3%
brand
25.7%
looky
25.7%
ammunition
25.1%
pride
25.1%
ourselves
25.1%
maitre d'
24.5%
shah
24.2%
disappear?
24.2%
genie
23.5%
wanna
22.9%
poof?
22.3%
really
22.3%
oh
22.3%
Baklava?
21.4%
heavy
19.9%
camp
19.6%
'er
19.3%
job,
19.3%
punch,
19%
that's
18.3%
big
17.7%
pizzazz,
17.1%
list
17.1%
sucker
16.8%
long,
16.8%
sit
16.5%
answer
15.9%
yahoo
15.6%
C'mon
15.3%
certified
14.4%
eyed
14.1%
prayers
13.8%
miles
13.8%
doubt
13.8%
urge
13.1%
slack
12.8%
bona
12.5%
buggy
12.2%
jawed,
11.9%
fide,
11.9%
powerful
11.9%
nabob
11.9%
midday
11.6%
what-cha
7%
doncha
6.4%
d'affaires
5.8%
Scheherezad-ie
5.5%
chare
2.8%

You're not logged in!

Compare scores with friends on all Sporcle quizzes.
Join for Free
OR
Log In

You Might Also Like...

Show Comments

Extras

Created Dec 13, 2011SourceReportNominate
Tags:Disney Quiz, Song Quiz

Top Quizzes Today


Score Distribution

Your Account Isn't Verified!

In order to create a playlist on Sporcle, you need to verify the email address you used during registration. Go to your Sporcle Settings to finish the process.

Report this User

Report this user for behavior that violates our Community Guidelines.

Details: